Clean water, it's up to you.

Bibliographic Details
Corporate Author: Izaak Walton League of America. Citizen Workshops for Clean Water for America Project
Format: Book
Language:English
Published: Glenview, Ill. : Izaak Walton League of America, [1968]
Subjects:

MARC

Tag First Indicator Second Indicator Subfields
LEADER 00000cam a2200000 4500
001 in00000029950
005 20151007054830.0
008 801209s1968 ilu 00000 eng d
035 |a (OCoLC)07017671 
035 |9 AAB6347AM 
040 |a SUC  |c SUC  |d TXA  |d UtOrBLW 
049 |a TXAM  |c [A10991357] 
050 4 |a TD388  |b .I983 1968 
110 2 |a Izaak Walton League of America.  |b Citizen Workshops for Clean Water for America Project. 
245 1 0 |a Clean water, it's up to you. 
264 1 |a Glenview, Ill. :  |b Izaak Walton League of America,  |c [1968] 
300 |a 48 pages 
336 |a text  |b txt  |2 rdacontent 
337 |a unmediated  |b n  |2 rdamedia 
338 |a volume  |b nc  |2 rdacarrier 
500 |a Cover title. 
500 |a Prepared by the Izaak Walton League's "Citizen Workshops for Clean Water for America" project, financed in part by Demonstration Grant Number WPD 128-02-67... 
650 0 |a Water conservation. 
650 0 |a Water  |x Pollution. 
999 |a MARS 
999 f f |s 6dcd305a-9a34-3b96-b800-1c8bae958d32  |i 7dfa2b65-27ca-3788-af3d-1f7df25b547d  |t 0 
952 f f |p ric  |a Texas A&M University  |b Rellis Campus  |c Joint Library Facility  |d Remote Storage  |t 0  |e TD388 .I983 1968  |h Library of Congress classification  |i unmediated -- volume  |m A14810991357 
998 f f |a TD388 .I983 1968  |t 0  |l Remote Storage